African Countries with the Most Christians - Statistics

General Stats
  • This quiz has been taken 48 times
  • The average score is 18 of 20
Answer Stats
Hint Answer % Correct
77,48m Ethiopia
100%
43,09m South Africa
100%
40,67m Kenya
98%
74,40m Nigeria
98%
17,09m Angola
95%
63,15m Democratic Republic of Congo
95%
92.0% Democratic Republic of Congo
95%
21,96m Ghana
93%
90.7% Republic of Congo
93%
31,34m Tanzania
93%
29,27m Uganda
90%
22,32m Madagascar
88%
93.6% Rwanda
88%
95.5% Zambia
88%
88.0% Gabon
81%
90.0% Namibia
81%
94.7% Seychelles
79%
90.0% Lesotho
76%
88.7% Equatorial Guinea
74%
89.1% Cape Verde
67%
No matching quizzes found
Score Distribution
Percent of People with Each Score
Percentile by Number Answered
Your Score History
You have not taken this quiz